000 01523nam0a22003371 4500
001 rc\475373
005 20260409070440.0
021 _aRU
_b89-62395
035 _a(NLR Aleph) 005718625
090 _a7454600
_c7454600
100 _a20030616d1988 |||y0rusy50 ca
101 0 _arus
_deng
102 _aRU
105 _aa z||||||||
200 1 _aОптические транзистор и переключатель на основе квадратично-нелинейного взаимодействия волн
_fА.А. Майер, К.Ю. Ситарский
210 _aМосква
_cб.и.
_d1988
215 _a29 с.
_cграф.
_d20
225 1 _aПрепринт
_fАН СССР, Институт общей физики. Отдел лазерных кристаллов
_v№ 111
_iИнтегральная оптика, нелинейная оптика
300 _aРезюме на англ. яз.
320 _aБиблиогр.: с. 18-20
606 _aОптоэлектронные приборы
_91347222
_3RU\NLR\AUTH\66247386
686 1 _aз854.3
700 1 _aМайер
_bА. А.
_gАлександр Александрович
701 1 _aСитарский
_bК. Ю.
_gКонстантин Юрьевич
712 0 2 _4475
_aИнститут общей физики им. А. М. Прохорова
_cМосква
_9516022
_3RU\NLR\AUTH\8810009155
801 0 _aRU
_bNLR
_gpsbo
801 1 _aRU
_bELAR
_2rusmarc
852 _aNLR
_j89-4/19884
942 _cBOOK
980 _aNB